Normal view
MARC view
- علي، موفق حياوي
Entry Personal Name
001 - CONTROL NUMBER
- control field: 39245
003 - CONTROL NUMBER IDENTIFIER
- control field: JO-AjAnu
005 - DATE AND TIME OF LATEST TRANSACTION
- control field: 20230606080529.0
008 - FIXED-LENGTH DATA ELEMENTS
- fixed length control field: 230606|| aca||aabn | a|a d
040 ## - CATALOGING SOURCE
- Original cataloging agency: JO-AjAnu
- Transcribing agency: JO-AjAnu
100 ## - HEADING--PERSONAL NAME
- Personal name: علي، موفق حياوي
670 ## - SOURCE DATA FOUND
- Source citation: Work cat.: (JO-AjAnu)20127: علي، موفق حياوي , author, أسس التقنيات التربوية الحديثة و إستخداماتها